Govt. of
Madhya Pradesh

भारतीय संविधान एवं राजव्‍यवस्‍था अध्‍यायवार एवं वस्‍तुनिष्‍ठ (Record no. 63055)

MARC details
000 -LEADER
fixed length control field 00435nam a22000977a 4500
100 ## - MAIN ENTRY--AUTHOR NAME
Personal name Guider
245 ## - TITLE STATEMENT
Title भारतीय संविधान एवं राजव्‍यवस्‍था अध्‍यायवार एवं वस्‍तुनिष्‍ठ
260 ## - PUBLICATION, DISTRIBUTION, ETC. (IMPRINT)
Place of publication नई दिल्‍ली
Name of publisher Guider Compatitive Group
Year of publication 2020
650 ## - SUBJECT ADDED ENTRY--TOPICAL TERM
Topical Term भारत का संविधान
942 ## - ADDED ENTRY ELEMENTS (KOHA)
Koha item type Hindi Books
Holdings
Withdrawn status Lost status Damaged status Not for loan Home library Current library Date acquired Cost, normal purchase price Full call number Accession Number Price effective from Koha item type
        MACL MACL 01/09/2020 100.00 320 GCLC00697 01/09/2020 Hindi Books
        MACL MACL 01/09/2020 100.00 320 GCLC00698 01/09/2020 Hindi Books